| 000 | 00546nam a2200181 a 4500 | ||
|---|---|---|---|
| 005 | 20240821063738.0 | ||
| 008 | 991125s1935 mx 000 0 spa u | ||
| 035 | _aUPN01000000029 | ||
| 049 | _aSEP | ||
| 050 | 4 |
_aL227 D96 _bM2 |
|
| 110 | 1 |
_aMéxico. _bDepartamento de Bellas Artes. _bLaboratorio Teatral |
|
| 245 | 1 | 0 | _a5 Comedias del laboratorio teatral del Departamento de Bellas Artes. |
| 260 |
_aMéxico : _bSEP, _c1935. |
||
| 300 | _a64 p. | ||
| 506 | _aDisponible en la Colección Medina | ||
| 650 | 4 |
_aTeatro _zMéxico _912553 |
|
| 905 | _aLibro | ||
| 999 |
_c29 _d29 |
||